LEADER 01205nam a2200277 i 4500 001 000000230734 003 CaOOAMICUS 005 20140617000000.0 008 140617s2014 it u000 u ita u 013 $a209636 020 $a978-88-215-7969-1 040 $aSeMil$bita 100 1 $aCzaczkowska, Ewa K.$0(OLS)http://semarc/name/79042 240 10$aSiostra Faustina, Biografia Swietej.$0(OLS)http://semarc/title/329631 245 10$aSuor Faustina Kowalska :$bbiografia di una santa /$cEwa K. Czaczkowska. 260 $aCinisello Balsamo :$bSan Paolo,$c2014. 300 $a471 p. :$bill. ;$c22 cm. 490 0 $aI protagonisti ;$v142. 650 4$aFaustina : Kowalska .$0(OLS)http://semarc/subject/15385 830 2$aI protagonisti ;$v142.$0(OLS)http://semarc/title/5908 850 $aSeMil 852 $aSeMil$W1$xVenegono$y1$m3H V 189$j181080$B181080$CSeMilBibl$Z2$F191983 $81 961 $aAcquisto: San Paolo (Agente) 996 $6020$a978-88-215-7969-1$9(OLS)http://semarc/number/233634 996 $6245$aSuor Faustina Kowalska :$bbiografia di una santa$9(OLS)http://semarc/title/329630 996 $6260$aCinisello Balsamo :$bSan Paolo$9(OLS)http://semarc/publisher/30129 LEADER 00941nam a2200217 i 4500 001 000000060108 003 CaOOAMICUS 005 20140410000000.0 008 140410s1913 xx u000 u fre u 013 $a31280 040 $aSeMil$bita 245 10$aDieu :$bexistence et cognoscibilité. 260 $aParis :$bGabriel Beauchesne,$c1913. 300 $aXVI, 362 p. ;$c20 cm. 650 4$aDio - Conoscibilità.$0(OLS)http://semarc/subject/1185 650 4$aDuns Scoto, Giovanni <1265-1308> - Atti di congressi.$0(OLS)http://semarc/subject/48208 773 0 $aBelmond, Séraphine$tÉtudes sur la philosophie de Duns Scot.$dParis : Gabriel Beauchesne, 1913.$g1$w()29704 850 $aSeMil 852 $aSeMil$W1$xVenegono$y1$m2K II 39$j26261$B26261$CSeMilBibl$Z2$F26264 $81 996 $6245$aDieu :$bexistence et cognoscibilité$9(OLS)http://semarc/title/94119 996 $6260$aParis :$bGabriel Beauchesne$9(OLS)http://semarc/publisher/31647